[Event "WchT Seniors 50"]
[Site "Struga"]
[Date "2023.09.27"]
[Round "8.2"]
[White "Lewis, Andrew P"]
[Black "Motuz, Karol"]
[Result "0-1"]
[WhiteElo "2238"]
[BlackElo "2279"]
[PlyCount "86"]
[EventDate "2023.09.19"]
[EventType "team-swiss"]
[EventRounds "9"]
[EventCountry "MKD"]
[SourceTitle "EXT 2024"]
[Source "ChessBase"]
[SourceDate "2023.10.10"]
[SourceVersion "1"]
[SourceVersionDate "2023.10.10"]
[SourceQuality "1"]
[WhiteTeam "England 50 II"]
[BlackTeam "Slovakia 50"]
[WhiteTeamCountry "ENG"]
[BlackTeamCountry "SVK"]

1. c4 c5 2. Nf3 Nf6 3. Nc3 e6 4. g3 b6 5. Bg2 Bb7 6. 0-0 Be7 7. Re1 d6 8. e4 a6 9. d4 cxd4 10. Nxd4 Qc7 11. Be3 Nbd7 12. Rc1 Rc8 13. f4 Qb8 14. Qe2 0-0 15. f5 e5 16. Nc2 Nc5 17. Bf2 b5 18. cxb5 axb5 19. Nb4 Qa8 20. Ncd5 Nxd5 21. exd5 Qa4 22. Nc6 Bxc6 23. dxc6 Qxa2 24. Ra1 Qb3 25. Ra7 Bf6 26. Rd1 e4 27. Rxd6 Qb4 28. Rd5 Rxc6 29. g4 Nd3 30. Be3 h6 31. h4 Rfc8 32. g5 Rc2 33. Qf1 Bxb2 34. g6 Rf8 35. gxf7+ Rxf7 36. Rd8+ Rf8 37. Raa8 Rxd8 38. Rxd8+ Kf7 39. f6 Bxf6 40. Qf5 Qe1+ 41. Kh2 Qxh4+ 42. Kg1 Ne5 43. Rd1 Qg3 0-1

[Event "SVK-chT 2223"]
[Site "Slovakia"]
[Date "2023.04.01"]
[Round "10.3"]
[White "Motuz, Karol"]
[Black "Turcan, Richard"]
[Result "1/2-1/2"]
[WhiteElo "2307"]
[BlackElo "2346"]
[PlyCount "77"]
[EventDate "2022.10.22"]
[EventType "team-tourn"]
[EventRounds "11"]
[EventCountry "SVK"]
[SourceTitle "EXT 2024"]
[Source "ChessBase"]
[SourceDate "2023.10.10"]
[SourceVersion "1"]
[SourceVersionDate "2023.10.10"]
[SourceQuality "1"]
[WhiteTeam "Dubnica nad Vahom"]
[BlackTeam "Liptov Chess School"]
[WhiteTeamCountry "SVK"]
[BlackTeamCountry "SVK"]

1. d4 Nf6 2. c4 e6 3. Nf3 c5 4. Nc3 cxd4 5. Nxd4 Nc6 6. e3 Be7 7. Be2 0-0 8. 0-0 d5 9. cxd5 exd5 10. b3 Bd6 11. Bb2 Bb8 12. Rc1 Qd6 13. g3 Bh3 14. Re1 Re8 15. Ncb5 Qd7 16. Nxc6 bxc6 17. Bxf6 cxb5 18. Bb2 Be5 19. Bxe5 Rxe5 20. Rc5 a6 21. Qd4 Qf5 22. Rd1 Rd8 23. a4 bxa4 24. bxa4 h5 25. a5 Rd6 26. Qd3 Qf6 27. f4 Re8 28. Rxd5 Rxd5 29. Qxd5 Rxe3 30. Qd8+ Qxd8 31. Rxd8+ Kh7 32. Bxa6 Ra3 33. Rd5 g6 34. Be2 Ra2 35. Re5 Kg7 36. a6 Bc8 37. Bc4 Ra1+ 38. Kf2 Bxa6 39. Bxa6 1/2-1/2

[Event "SVK-chT 2223"]
[Site "Slovakia"]
[Date "2022.12.10"]
[Round "3.2"]
[White "Motuz, Karol"]
[Black "Sahidi, Samir"]
[Result "0-1"]
[WhiteElo "2307"]
[BlackElo "2470"]
[PlyCount "134"]
[EventDate "2022.10.22"]
[EventType "team-tourn"]
[EventRounds "11"]
[EventCountry "SVK"]
[SourceTitle "EXT 2024"]
[Source "ChessBase"]
[SourceDate "2023.10.10"]
[SourceVersion "1"]
[SourceVersionDate "2023.10.10"]
[SourceQuality "1"]
[WhiteTeam "Dubnica nad Vahom"]
[BlackTeam "Cebovce"]
[WhiteTeamCountry "SVK"]
[BlackTeamCountry "SVK"]

1. c4 e5 2. a3 Nf6 3. d3 g6 4. Nf3 d6 5. g3 Bg7 6. Bg2 0-0 7. Nc3 Re8 8. 0-0 c6 9. e4 h6 10. Re1 Be6 11. h3 Nbd7 12. Be3 a5 13. Rc1 Qe7 14. Qe2 Nh7 15. d4 exd4 16. Nxd4 a4 17. Rcd1 Ne5 18. Nxe6 Qxe6 19. c5 dxc5 20. Bxc5 Qb3 21. Rd4 b5 22. f4 Nc4 23. e5 Re6 24. Ne4 Rae8 25. Nd6 Nxd6 26. Bxd6 Qxg3 27. Qf2 Qb3 28. Re3 Qa2 29. Bxc6 Qb1+ 30. Kg2 Rc8 31. Bxb5 Nf8 32. Bxa4 Rc1 33. Rde4 Kh7 34. Re1 f6 35. Bb3 Re8 36. e6 f5 37. R4e2 Rxe1 38. Rxe1 Qd3 39. Bxf8 Bxf8 40. Qf3 Qd4 41. Re2 Bc5 42. Kg3 h5 43. h4 Be7 44. Kh3 Rc8 45. Qf2 Qd3+ 46. Re3 Qa6 47. Bc2 Qb6 48. Re2 Qxb2 49. a4 Qb4 50. Rd2 Rc3+ 51. Rd3 Rxd3+ 52. Bxd3 Qxa4 53. Kg3 Qd1 54. Qf3 Qe1+ 55. Kg2 Qxh4 56. Be2 Qf6 57. Qd5 Qb2 58. Kf3 Qa3+ 59. Qd3 Qa8+ 60. Kg3 h4+ 61. Kh2 Qb8 62. Qd4 Qb3 63. Qd7 Qg3+ 64. Kh1 Qe1+ 65. Kh2 Qxe2+ 66. Kh1 Qf1+ 67. Kh2 Qxf4+ 0-1

[Event "EU-chT Seniors 50"]
[Site "Dresden"]
[Date "2022.11.01"]
[Round "6.4"]
[White "Lagunow, Alexander"]
[Black "Motuz, Karol"]
[Result "1-0"]
[WhiteElo "2360"]
[BlackElo "2307"]
[PlyCount "99"]
[EventDate "2022.10.27"]
[EventType "team-swiss"]
[EventRounds "9"]
[EventCountry "GER"]
[SourceTitle "EXT 2024"]
[Source "ChessBase"]
[SourceDate "2023.10.10"]
[SourceVersion "1"]
[SourceVersionDate "2023.10.10"]
[SourceQuality "1"]
[WhiteTeam "Berlin 50"]
[BlackTeam "Slovakia 50"]
[WhiteTeamCountry "GER"]
[BlackTeamCountry "SVK"]

1. c4 Nf6 2. Nc3 c5 3. Nf3 e6 4. g3 b6 5. Bg2 Bb7 6. 0-0 Be7 7. d4 cxd4 8. Qxd4 d6 9. Rd1 a6 10. Bg5 Nbd7 11. Qd2 0-0 12. Bf4 Rc8 13. b3 d5 14. Ne5 Nxe5 15. Bxe5 Ng4 16. Bd4 e5 17. Be3 Bb4 18. Rac1 Bxc3 19. Qxc3 d4 20. Bxd4 Bxg2 21. Be3 Qc7 22. Kxg2 f5 23. f3 Nf6 24. Qb4 f4 25. Bxb6 Qf7 26. Bg1 e4 27. c5 Qg6 28. Rd6 Rce8 29. Qc4+ Kh8 30. Bd4 fxg3 31. hxg3 exf3+ 32. exf3 Qg5 33. Bxf6 Rxf6 34. Rxf6 gxf6 35. Qf4 Qg6 36. g4 Qd3 37. c6 Re3 38. Qxf6+ Kg8 39. Qg5+ Kh8 40. Qf6+ Kg8 41. Rf1 Re2+ 42. Rf2 Rxf2+ 43. Kxf2 Qd2+ 44. Kg3 Qe1+ 45. Kg2 Qe2+ 46. Kh3 Qf1+ 47. Kh4 Qe1+ 48. Kh5 Qh1+ 49. Kg5 Qc1+ 50. f4 1-0

[Event "SVK-chT 2223"]
[Site "Slovakia"]
[Date "2022.10.22"]
[Round "1.2"]
[White "Motuz, Karol"]
[Black "Roshka, Yevgeniy"]
[Result "0-1"]
[WhiteElo "2307"]
[BlackElo "2507"]
[PlyCount "76"]
[EventDate "2022.10.22"]
[EventType "team-tourn"]
[EventRounds "11"]
[EventCountry "SVK"]
[SourceTitle "EXT 2024"]
[Source "ChessBase"]
[SourceDate "2023.10.10"]
[SourceVersion "1"]
[SourceVersionDate "2023.10.10"]
[SourceQuality "1"]
[WhiteTeam "Dubnica nad Vahom"]
[BlackTeam "Modra"]
[WhiteTeamCountry "SVK"]
[BlackTeamCountry "SVK"]

1. d4 Nf6 2. c4 c5 3. d5 e6 4. Nc3 d6 5. Nf3 g6 6. h3 Bg7 7. e4 0-0 8. Bd3 Na6 9. 0-0 e5 10. Bg5 h6 11. Be3 Nh7 12. Nh2 f5 13. exf5 gxf5 14. f3 Bd7 15. a3 h5 16. Qc2 h4 17. Kh1 Qf6 18. Rg1 Kh8 19. f4 e4 20. Be2 Nc7 21. g4 hxg3 22. Rxg3 Rg8 23. Rag1 Qh4 24. Qd2 Bh6 25. Nf1 Rxg3 26. Rxg3 Rg8 27. Kg2 Nf8 28. Bd1 Ng6 29. Ne2 Ne8 30. b4 b6 31. bxc5 dxc5 32. Bf2 Kh7 33. Kh1 Ng7 34. Nh2 Qf6 35. Be3 Nh5 36. Rg2 Qd6 37. Rf2 Nh4 38. Bc2 Qg6 0-1

[Event "CZE-chT1E 2122"]
[Site "Czech Republic"]
[Date "2022.01.22"]
[Round "6.4"]
[White "Biolek, Richard"]
[Black "Motuz, Karol"]
[Result "0-1"]
[WhiteElo "2409"]
[BlackElo "2330"]
[PlyCount "80"]
[EventDate "2021.10.09"]
[EventType "team-tourn"]
[EventRounds "11"]
[EventCountry "CZE"]
[SourceTitle "EXT 2023"]
[Source "ChessBase"]
[SourceDate "2022.10.05"]
[SourceVersion "1"]
[SourceVersionDate "2022.10.05"]
[SourceQuality "1"]
[WhiteTeam "Grygov Proclient"]
[BlackTeam "Vsetin"]
[WhiteTeamCountry "CZE"]
[BlackTeamCountry "CZE"]

1. e4 e5 2. Nf3 Nc6 3. d4 exd4 4. Nxd4 Nf6 5. Nxc6 bxc6 6. e5 Qe7 7. Qe2 Nd5 8. c4 Nb6 9. h4 Qe6 10. Nd2 a5 11. g3 Bb4 12. a3 Bxd2+ 13. Bxd2 Ba6 14. Rc1 0-0 15. f4 Rfe8 16. Bh3 Qe7 17. Qf2 Bxc4 18. Be3 d5 19. Bc5 Qd8 20. Bd4 a4 21. Rh2 Ra5 22. Bg4 Rb5 23. Bd1 f6 24. Bg4 c5 25. Bxc5 fxe5 26. fxe5 Nd7 27. Bd4 Nxe5 28. Bxe5 Rxe5+ 29. Kd1 Bb3+ 30. Kd2 c5 31. Rf1 d4 32. Be2 Rb6 33. Qf4 Qe7 34. Rhf2 Rf6 35. Qg4 Be6 36. Rxf6 Bxg4 37. Bc4+ Be6 38. Rxe6 Rxe6 39. Rf5 g6 40. Re5 Kf7 0-1

[Event "SVK-chT3B2 2122"]
[Site "Slovakia"]
[Date "2021.11.21"]
[Round "3.1"]
[White "Motuz, Karol"]
[Black "Rucek, Kristian"]
[Result "1-0"]
[WhiteElo "2306"]
[BlackElo "2128"]
[PlyCount "57"]
[EventDate "2021.10.24"]
[EventType "team-tourn"]
[EventRounds "11"]
[EventCountry "SVK"]
[SourceTitle "EXT 2023"]
[Source "ChessBase"]
[SourceDate "2022.10.05"]
[SourceVersion "1"]
[SourceVersionDate "2022.10.05"]
[SourceQuality "1"]
[WhiteTeam "Puchov Vcielka"]
[BlackTeam "Belusa II"]
[WhiteTeamCountry "SVK"]
[BlackTeamCountry "SVK"]

1. c4 c6 2. d4 d5 3. Nf3 Nf6 4. e3 e6 5. b3 Ne4 6. Bd3 Bb4+ 7. Nbd2 f5 8. a3 Bd6 9. 0-0 Nd7 10. Bb2 Qf6 11. b4 0-0 12. Qc2 g5 13. g3 h5 14. b5 Rb8 15. a4 Rf7 16. Ba3 Bc7 17. Rac1 Qh6 18. cxd5 exd5 19. bxc6 Ndf6 20. Ne5 Rh7 21. f3 g4 22. fxe4 Qxe3+ 23. Rf2 fxe4 24. Nf1 Qxd4 25. Bb2 Qb6 26. a5 Qb4 27. Rxf6 bxc6 28. Qxc6 Qe7 29. Qxd5+ 1-0